logo

Bir Sreshtho Munshi Abdur Rouf Library
Jhenaidah Cadet College

Windmills of the gods / (Record no. 12697)

MARC details
000 -LEADER
fixed length control field 00540nam a2200205 a 4500
001 - CONTROL NUMBER
control field 12697
003 - CONTROL NUMBER IDENTIFIER
control field BDJhCC
005 - DATE AND TIME OF LATEST TRANSACTION
control field 20230508104045.0
008 - FIXED-LENGTH DATA ELEMENTS--GENERAL INFORMATION
fixed length control field 230508s2020 uk 000 1 eng
040 ## - CATALOGING SOURCE
Original cataloging agency DLC
Transcribing agency DLC
Modifying agency BDJhCC
041 ## - LANGUAGE CODE
Language code of text/sound track or separate title English
050 00 - LIBRARY OF CONGRESS CALL NUMBER
Classification number PS3569.H3927
Item number W5 1987c
082 00 - DEWEY DECIMAL CLASSIFICATION NUMBER
Classification number 813/.54
Edition number 20
Item number SHE 2020
100 1# - MAIN ENTRY--PERSONAL NAME
Personal name Sheldon, Sidney.
245 10 - TITLE STATEMENT
Title Windmills of the gods /
Statement of responsibility, etc. Sidney Sheldon.
260 ## - PUBLICATION, DISTRIBUTION, ETC.
Place of publication, distribution, etc. London :
Name of publisher, distributor, etc. Book Club Associates,
Date of publication, distribution, etc. 2020.
300 ## - PHYSICAL DESCRIPTION
Extent 319 p. ;
Dimensions 21 cm.
942 ## - ADDED ENTRY ELEMENTS (KOHA)
Source of classification or shelving scheme Dewey Decimal Classification
Koha item type Books
Holdings
Withdrawn status Lost status Source of classification or shelving scheme Damaged status Not for loan Home library Current library Shelving location Date acquired Cost, normal purchase price Total Checkouts Full call number Barcode Date last seen Date last checked out Copy number Price effective from Koha item type
    Dewey Decimal Classification     JCC Rouf Library JCC Rouf Library General Stacks 05/08/2023 400.00 15 813/.54 SHE 2020 17674 01/26/2026 12/18/2025 C-1 05/08/2023 Books
    Dewey Decimal Classification     JCC Rouf Library JCC Rouf Library General Stacks 03/27/2024   3 813.54 SHE 2020 19149 11/09/2024 10/31/2024 C-2 03/27/2024 Books

JCC Library | Contacts | JCC Home

Last Update on 23 September 2017
Copyright @ 2017-2020 JCC Rouf Library
Rouf Library, Jhenidah Cadet College (JCC), Bangladesh